00950cam a22002773u 4500999001700000001001000017003000900027005001700036008004100053040003100094082002000125100004600145245006000191250001900251264003800270300002700308336002600335337002800361338002700389500002300416650003700439653002600476655002400502942001200526952013400538 c29366d29337007798459EG-ScBUE20210817111057.0950807s2002 enk f 000 0 eng d aUkbengerdacUkdEG-ScBUE04a658.87bMEN2221 aMendelsohn, M.q(Martin),d1935-eauthor.00aHow to franchise your business /cby Martin Mendelsohn. aFifth edition. 1aLondon :bFranchise World,c2002. avi, 113 pages ;c24 cm atext2rdacontentbtxt aunmediated2rdamediabn avolume2rdacarrierbnc aIncludes appendix. 7aFranchises (Retail trade)2BUEsh bBUSADMcSeptember2020 vReading book934232 2ddccBB 00102ddc40708Donation-GaMAINbMAINc1STd2021-08-17eDonationl0o658.87 MENp000050565r2025-07-15 00:00:00w2021-08-17yBB